| 000 | 00573 a2200169 4500 | ||
|---|---|---|---|
| 040 |
_aDLC _bDLC |
||
| 082 | 0 | 0 | _a621.392 |
| 100 | 1 | _aCavanagh, Joseph J. F. | |
| 245 | 1 | 0 |
_aVeriIog HDL: digital design and modeling _bdigital design and modeling _cJoseph Cavanagh |
| 260 |
_aBoca Raton, FL : _bCRC Press, _cc2007. |
||
| 300 |
_axviii, 900 p. : _bill. ; _c26 cm. |
||
| 500 | _aIncludes index. | ||
| 650 | 0 | _aDigital electronics. | |
| 650 | 0 |
_aLogic circuits _xComputer-aided design. |
|
| 650 | 0 | _aVerilog (Computer hardware description language) | |
| 942 |
_cBK _k621.392 CAV _2ddc |
||
| 999 |
_c9829 _d9829 |
||